00425nam a2200169 a 450000100060000000300090000600800410001502000150005604000280007108200170009910000180011624500280013426000320016230000110019449000320020565000180023711070CO-ViMGA141112s2004 ck r 000 u spa d a9588061350 aCO-ViMGAbspacCO-ViMGA a891.853 G71t1 aGrass, Gunter10aEl Tambor de hojalata  aMexico, cAlfaguara, c1999 a655 p. aNOVELISTAS CONTEMPORÁNEOS14aNOVELA POLACA